La sexualidad masculina. Un estudio psicoanalítico de género /
Сохранить в:
| Главный автор: | |
|---|---|
| Формат: | Текст |
| Предметы: | |
| Метки: |
Добавить метку
Нет меток, Требуется 1-ая метка записи!
|
MARC
| LEADER | 00000 a a2200000 04500 | ||
|---|---|---|---|
| 001 | 41148 | ||
| 003 | |||
| 040 | |||
| 100 | |a Meler, Irene | ||
| 245 | |a La sexualidad masculina. Un estudio psicoanalítico de género / |c Irene Meler | ||
| 650 | |a HOMBRES | ||
| 650 | |a SEXUALIDAD/TEORIA | ||
| 650 | |a COMPORTAMIENTO SOCIAL | ||
| 650 | |a PSICOANALIS | ||
| 773 | |g páginas 149-198 | ||
| 999 | |c 34586 |d 34586 | ||
